CorelDRAW 9 Bible / (Record no. 175228)
[ view plain ]
| 000 -LEADER | |
|---|---|
| fixed length control field | 01031 a2200229 4500 |
| 003 - CONTROL NUMBER IDENTIFIER | |
| control field | NUST |
| 005 - DATE AND TIME OF LATEST TRANSACTION | |
| control field | 20221026132828.0 |
| 010 ## - LIBRARY OF CONGRESS CONTROL NUMBER | |
| LC control number | 99032152 |
| 020 ## - INTERNATIONAL STANDARD BOOK NUMBER | |
| International Standard Book Number | 0764533150 (alk. paper) |
| 040 ## - CATALOGING SOURCE | |
| Transcribing agency | Nust |
| 082 00 - DEWEY DECIMAL CLASSIFICATION NUMBER | |
| Classification number | 006.6869,MIL |
| 100 1# - MAIN ENTRY--PERSONAL NAME | |
| Personal name | Miller, Deborah, |
| 9 (RLIN) | 101421 |
| 245 10 - TITLE STATEMENT | |
| Title | CorelDRAW 9 Bible / |
| Statement of responsibility, etc. | Deborah Miller. |
| 260 ## - PUBLICATION, DISTRIBUTION, ETC. | |
| Place of publication, distribution, etc. | Foster City, CA : |
| Name of publisher, distributor, etc. | IDG Books Worldwide, |
| Date of publication, distribution, etc. | c1999. |
| 300 ## - PHYSICAL DESCRIPTION | |
| Extent | xxxiii, 942 p. : |
| Other physical details | ill. ; |
| Dimensions | 24 cm. |
| Accompanying material | +1 computer laser optical disc (4 3/4 in.) |
| 505 ## - FORMATTED CONTENTS NOTE | |
| Formatted contents note | Part-1: Essentially Corel Draw 9 (Page-19), Part-2: Draw 9 In The Works (Page-271), Part-3: Tricks And Tweaks (Page-435), Part-4:Making It Public With Draw (Page-739). |
| 650 #0 - SUBJECT ADDED ENTRY--TOPICAL TERM | |
| Topical term or geographic name entry element | Computer graphics. |
| 9 (RLIN) | 1225 |
| 856 42 - ELECTRONIC LOCATION AND ACCESS | |
| Materials specified | Contributor biographical information |
| Uniform Resource Identifier | <a href="http://www.loc.gov/catdir/bios/wiley045/99032152.html">http://www.loc.gov/catdir/bios/wiley045/99032152.html</a> |
| 856 42 - ELECTRONIC LOCATION AND ACCESS | |
| Materials specified | Publisher description |
| Uniform Resource Identifier | <a href="http://www.loc.gov/catdir/description/wiley038/99032152.html">http://www.loc.gov/catdir/description/wiley038/99032152.html</a> |
| 856 42 - ELECTRONIC LOCATION AND ACCESS | |
| Materials specified | Table of contents |
| Uniform Resource Identifier | <a href="http://www.loc.gov/catdir/toc/wiley022/99032152.html">http://www.loc.gov/catdir/toc/wiley022/99032152.html</a> |
| 942 ## - ADDED ENTRY ELEMENTS (KOHA) | |
| Source of classification or shelving scheme | |
| Koha item type | Book |
| Call number prefix | 006.6869,MIL |
| Withdrawn status | Lost status | Source of classification or shelving scheme | Damaged status | Not for loan | Permanent Location | Current Location | Shelving location | Date acquired | Full call number | Barcode | Date last seen | Price effective from | Koha item type | Public note |
|---|---|---|---|---|---|---|---|---|---|---|---|---|---|---|
| Military College of Signals (MCS) | Military College of Signals (MCS) | General Stacks | 12/12/2016 | 006.6869,MIL | MCS28056 | 12/08/2016 | 12/12/2016 | Book Bank | Almirah No.135, Shelf No.5 |
